000 00313nam a2200109Ia 4500
008 181011s9999 xx 000 0 und d
100 _aRavi Tiwari
245 0 _aMahatma Gandhi's understanding of jesus
500 _aJournal of Henry Martyn Institute July - Dec 2001
650 _aStudy of Religions
942 _cBR
999 _c22287
_d22287